Jalisco a futuro : construyendo el porvenir : 1999-2025 /

שמור ב:
מידע ביבליוגרפי
מחברים אחרים: Aguilar, Luis F. (prólogo) (prólogo)
פורמט: ספר
שפה:ספרדית
יצא לאור: Guadalajara, México : Universidad de Guadalajara, Centro de Estudios Estratégicos para el Desarrollo, 1999, c1999
תגים: הוספת תג
אין תגיות, היה/י הראשונ/ה לתייג את הרשומה!

MARC

LEADER 00000nam^a2200000^a^4500
001 000563503
005 20250521000000.0
009 20260310132006.508
020 |a 968-895-881-6 
037 |a Acervo ITESO - Biblioteca 
041 |a ESP 
091 |a FGM. 02059 
245 0 0 |a Jalisco a futuro :  |b construyendo el porvenir : 1999-2025 / 
264 4 |a Guadalajara, México :  |b Universidad de Guadalajara, Centro de Estudios Estratégicos para el Desarrollo,  |c 1999, c1999 
300 |a IX, 324 p. 
336 |a texto  |b txt  |2 rdacontenido 
337 |a sin mediación  |b n  |2 rdamedio 
338 |a volumen  |b nc  |2 rdasoporte 
649 |a XX 
700 |a Aguilar, Luis F.  |e (prólogo) 
910 |a Fondo Efraín González Morfín 
920 |a Impresos - Libros 
930 |a Fondos Especiales 
905 |a 130 
901 |a 0500386493  |b IT2  |c ESL  |i D92181  |u 20250521 
902 |a https://opac.biblio.iteso.mx/vufind/Record/000563503